Inflácia a nerovnováha na trhu spotrebného tovaru v čs. ekonomike.

Stručné zhrnutie hlavných teoretických poznatkov o podstate, javových formách a príčinách inflácie, s prihliadnutím na jej špecifické aspekty v centrálne plánovej ekonomike. Experimentálna kvantifikácia vývoja inflácie na trhu spotrebného tovaru v čs. ekonomike podľa jej jednotlivých javových foriem...

Ausführliche Beschreibung

Gespeichert in:
Bibliographische Detailangaben
1. Verfasser: Šujan, I.
Weitere Verfasser: Haluška, Ján, Orságová, Judita
Format: Buchkapitel
Sprache:Slowakisch
Schlagworte:
Tags: Tag hinzufügen
Keine Tags, Fügen Sie das erste Tag hinzu!

MARC

LEADER 00000naa a2200000 4500
001 r006346
005 20221125080921.1
041 0 |a slo 
044 |a [CS] 
245 1 0 |a Inflácia a nerovnováha na trhu spotrebného tovaru v čs. ekonomike.  |c I. Šujan, J. Haluška, Judita Orságová 
520 |a Stručné zhrnutie hlavných teoretických poznatkov o podstate, javových formách a príčinách inflácie, s prihliadnutím na jej špecifické aspekty v centrálne plánovej ekonomike. Experimentálna kvantifikácia vývoja inflácie na trhu spotrebného tovaru v čs. ekonomike podľa jej jednotlivých javových foriem i súhrnne v období r. 1970-1990, s prognózou jej pravdepodobného ďalšieho vývoja. 
610 2 0 |a inflácia 
610 2 0 |a trh 
610 2 0 |a tovar spotrebný 
610 2 0 |a ČSFR 
610 2 0 |a 1970-1990 
610 2 0 |a prognózy hospodárske 
610 2 0 |a experimenty 
100 1 |a Šujan, I. 
700 1 |a Haluška, Ján 
700 1 |a Orságová, Judita